| 000 | 00348cam a22001217a 4500 | ||
|---|---|---|---|
| 008 | 180718b1980 xxu||||| |||| 00| 0 eng d | ||
| 082 | _aA6x5495 M297 | ||
| 100 | _aMaloney, Clarence | ||
| 245 |
_aPeople of the Maldive islands _cby Clarence Maloney |
||
| 260 |
_aBombay _bOrient Longman _c1980 |
||
| 300 | _a441p. | ||
| 650 | _aMaldive Islands - History | ||
| 999 |
_c348715 _d348715 |
||